000 01011nam a2200289 a 4500
001
003 DO-SdBNP
005 20220131121324.0
008 100319s2009 dr 000 e spa d
020 _a9789945161458
040 _aDO-SdBNP
_bspa
_cBPMSU
082 _aRD864.44
_bD249c 2009
_222
100 1 _aDavid, León,
_d1945-
245 1 0 _aAl correr de la pluma :
_bensayos de literatura y arte /
_cLeón David ; carta-prólogo José Bobadilla.
260 _aSanto Domingo :
_bNacional,
_bSecretaria de Estado de Cultura,
_c2009.
300 _a294 p. ;
_c23 cm.
490 0 _aPensamiento dominicano
500 _aIncluye datos biográficos del autor en la solapa de la cubierta.
590 _6Inventariado, 2022/VM
650 4 _aEnsayos dominicanos
650 4 _aLiteratura dominicana
_xCrítica e interpretación
650 4 _aArte dominicano
700 1 _aBobadilla, José,
_epról.
710 1 2 _aRepública Dominicana.
_bSecretaria de Estado de Cultura.
910 _aVMateo
942 _2ddc
_cBK
999 _c13994
_d13994